| 000 | 00684nam a2200241 a 4500 | ||
|---|---|---|---|
| 005 | 20210219152951.0 | ||
| 008 | 991125n 000 0 u | ||
| 035 | _aUPN01000069571 | ||
| 100 | _aCordes, Colleen | ||
| 222 | _aCHRONICLE OF HIGHER EDUCATION | ||
| 245 | _aControversy over charges by stanford prompts critical review of entire indirect-cost system | ||
| 300 | _aA22 | ||
| 362 | _a37, No. 29, 1991 | ||
| 505 | _aAgosto 1991 | ||
| 653 | 0 | _aAYUDA FEDERAL | |
| 653 | 0 | _aCOSTOS | |
| 653 | 0 | _aFORMACION POLITICA | |
| 653 | 0 | _aOTORGACIONES | |
| 653 | 0 | _aREFORMA FINANCIERA | |
| 653 | 0 |
_aRELACION GOBIERNO - _xESCUELA |
|
| 904 |
_aAC _b007382 |
||
| 905 | _aArticulo | ||
| 999 |
_c65026 _d65026 |
||